La politesse mise à la portée des enfants, au moyen de dialogues et de petites histoires (C)

Saved in:
Bibliographic Details
Main Author: COLINGE, J. Instituteur à Bouillon
Format: Unknown
Language:French
Published: Namur A. Wesmael-Charlier, imp.-libraire 1875
Edition:4e édition
Textbook Catalogue:MANES:  Library Catalog Search Result
Textbook Classification:
Subjects:
Tags: Add Tag
No Tags, Be the first to tag this record!
Added to:2016-04-26

MARC

LEADER 000000000a22000000004500
001 24069
008 160427s be ||||| |||| 00| 0 fre d
040 |a manes  |c manes 
041 |a Francés 
100 1 |a COLINGE, J.  |b Instituteur à Bouillon 
245 0 0 |a La politesse mise à la portée des enfants, au moyen de dialogues et de petites histoires (C) 
250 |a 4e édition 
260 3 |a Namur  |b A. Wesmael-Charlier, imp.-libraire  |c 1875 
300 |a 46 p. 
546 |a Bélgica 
650 7 |a Educación Cívica y Social 
655 7 |a Primaria 
942 |2 ddc  |c BK 
999 |c 46397  |d 46397 
999 |c manes:46397  |d 46397